Score 0/20 Timer 03:00
1 Play Today
Clue Answer % Correct
Five-Letter WordsWILLY
97%
Five-Letter WordsWONKA
96.2%
Five-Letter WordsHONEY
93.6%
Five-Letter WordsHOLLY
93%
Five-Letter WordsHOLEY
92.3%
Five-Letter WordsTONKA
92%
Five-Letter WordsHILLY
91.3%
Five-Letter WordsHONKS
91.1%
Six-Letter WordsTICKET
90.6%
Six-Letter WordsGOLDEN
89.6%
Clue Answer % Correct
Six-Letter WordsFOLDER
89.5%
Five-Letter WordsHONES
89.2%
Six-Letter WordsFONDER
88.3%
Five-Letter WordsTONKS
86.4%
Six-Letter WordsHOLDER
85.9%
Six-Letter WordsTICKER
84.7%
Six-Letter WordsTINKER
84.3%
Six-Letter WordsHOLDEN
81.4%
Six-Letter WordsFINDER
75.8%
Six-Letter WordsTINDER
75.4%

Today's Daily Dose

Remove Ads.
Support Sporcle.
Get the best of Sporcle when you Go Orange. This ad-free experience offers more features, more stats, and more fun while also helping to support Sporcle. Thank you for becoming a member.

You're not logged in!

Compare scores with friends on all Sporcle quizzes.
OR
Log In

Show Comments

Extras

Top Quizzes Today


Score Distribution

Your Account Isn't Verified!

In order to create a playlist on Sporcle, you need to verify the email address you used during registration. Go to your Sporcle Settings to finish the process.

Report this User

Report this user for behavior that violates our Community Guidelines.

Details: